[Event "St Petersburg-ch"]
[Site "St Petersburg"]
[Date "1997.03.07"]
[Round "3"]
[White "Biriukov, Oleg V"]
[Black "Chepukaitis, Genrikh"]
[Result "1-0"]
[WhiteElo "2415"]
[BlackElo "2320"]
[Annotator "Ribli,Z"]
[PlyCount "84"]
[EventDate "1997.03.04"]
[EventType "swiss"]
[EventRounds "9"]
[EventCountry "RUS"]
[SourceTitle "CBM 058"]
[Source "ChessBase"]
[SourceDate "1997.06.01"]
[SourceVersion "1"]
[SourceVersionDate "1997.06.01"]
[SourceQuality "1"]

1. d4 g6 2. c4 Bg7 3. e4 d6 4. Nc3 Nc6 $6 {Nach meiner Meinung das ist dies
die schlechteste Möglichkeit für Schwarz. Praktisch alle spielbaren
Alternativen sind besser. 4...Nf6 führt zu Koenigsindischen Verteidigung.Ribli.
} 5. d5 $1 Nd4 6. Be3 c5 (6... e5 7. Nge2 {[%cal Yd4e2,Yf1e2,Yc4c5] Und Weiss
steht viel besser als in der Königsindischen Verteidigung, da er nach dem
Springertausch schnell am Damenfluegel zu c4-c5 kommt.Ribli.}) 7. Nge2 Qb6 8.
Na4 Qa5+ 9. Bd2 (9. b4 $4 Qxb4+ 10. Bd2 Qa3 11. Bc1 Qb4+ (11... Qf3 $1 $17) 12.
Bd2 $11) 9... Qa6 {Der beste Damenzug fuer Schwarz.Ribli.} (9... Qd8 $6 10. Bc3
e5 11. dxe6 Nxe6 12. Bxg7 Nxg7 13. Qd2 Nf6 14. f3 $14 {[%csl Rd6][%cal Ye1c1,
Ya1d1,Rd2d6] Gelfand,B-Azmayparashvili,Z/Dortmund-A/1990/}) (9... Qc7 10. Nxd4
(10. Bc3 $5) 10... cxd4 11. c5 Nf6 12. Bb5+ $36 {Psakhis,L-Manor/Tel Aviv Cup/
1996/}) 10. Nxd4 Bxd4 11. Nc3 {[%cal Yc3b5,Yb5c7,Yb5d4]} Qb6 (11... Bd7 12. Bd3
Nf6 13. O-O O-O 14. Rb1 Ng4 15. Ne2 Ne5 16. Nxd4 cxd4 17. Bh6 $36 {Bewersdorff,
O-Bukal,S/2.BLW9192/}) 12. Bd3 $146 (12. Qb3 $6 Qxb3 $1 (12... Qd8 $2 13. Bd3
Bg7 14. O-O Nf6 15. Rae1 O-O 16. f4 $14 {[%csl Yc4,Yd5,Ye4,Yf4] Polgar,
Zsu-Todorcevic/Pampona/1990/}) 13. axb3 Bd7 $11) 12... Bd7 (12... Qxb2 13. Rb1
Qa3 14. Rb3 $1 $16 {[%cal Yc3b5,Yb5c7,Yb5d4]}) 13. O-O h5 14. Qc2 Nh6 15. Ne2 {
Weiss hat - nach meiner Meinung - die besseren Aussichten, da er Raumvorteil
hat und mit späterem f2-f4 aktiv am Königsflügel spielen kann. Schwarz hat nur
eine wirklich gute Figur - sein dunkelfeldriger Läufer, aber Weiß kann diesen
leicht neutralisieren.Ribli.} Bg7 (15... Bxb2 $4 $18 16. Rab1) (15... Qxb2 $4
16. Nxd4 Qxd4 17. Bc3 $18) 16. Rab1 a5 17. h3 $1 {[%csl Rh6] Weiß beschränkt
die Aktivität des Springers auf h6. Schwarz hat Entwicklungsprobleme.Ribli.}
Kf8 (17... O-O 18. f4 {[%cal Yf4f5,Yd2h6]} f5 19. e5 $1 $16 {[%csl Re6,Rh6]})
18. Bg5 {Weiss will die positionelle Schwächung 18...f6 provozieren, aber
Schwarz spielt natuerlich einen anderen Zug.Ribli.} Ng8 19. f4 $40 h4 {[%cal
Yf7f6,Yf6g5] Jetzt Schwarz droht mit f7-f6 mit Figurengewinn, aber Weiss ist
ja am Zuge...Ribli.} 20. e5 $1 {[%csl Rg6][%cal Ye5e6] Nach diesem
entscheidenden Durchbruch bekommt Weiss gefährlichen Angriff gegen den Koenig.
Ribli.} dxe5 21. fxe5 Bxe5 22. Bxg6 $16 Nf6 (22... Bf6 $5) 23. Bf5 Be8 24. Rf3
{Schwarz hat keine gute Figurekoordination, während Weiß mit Turmdoppelung ins
Spiel kommt.Ribli.} Ra6 {Wenn es keine Verbindung zwischen den Türmen gibt,
ist die Turmentwicklung auf die sechste Reihe eine gute Verteidigungsidee.
Ribli.} 25. Re3 Rh5 26. Bf4 {Weiss will natürlich die einzige gut stehende
schwarze Figur tauschen.Ribli.} Bd6 (26... Bxf4 27. Nxf4 {[%csl Re7][%cal
Rf4h5,Yb1e1]}) 27. Rf1 Qc7 28. Bg4 Bxf4 (28... Nxg4 29. hxg4 $16 {[%cal Re3e7,
Rf1f7] Und Weiss hat gute Moeglichkeiten in der halbeffenen f-Linie.Ribli.})
29. Nxf4 Rh8 30. Qf2 Kg7 31. Bd1 b5 {Dieser Zug bringt keine realen Drohungen
für Weiß. Ich kann nicht sehen, wie Schwarz seine Königsstellung oder seine
Verteidigung verbessern kann. Deshalb ist es verständlich, daß er einen
"aktiven" Zug macht.Ribli.} 32. Rfe1 {[%csl Re7]} Ng8 $8 33. Nh5+ Kf8 34. Qxh4
{Schwarz hat einen Bauern verloren und der Angriff geht weiter.Ribli.} bxc4 35.
Qxc4 Rah6 36. Ng3 {[%cal Yg3f5,Yg3e4,Yf5e7]} Rf6 37. Ne4 Qf4 38. Qxc5 {Mit
zwei Mehrbauern muß Weiß gewinnen.Ribli.} (38. Nxf6 $4 Qxc4) 38... Rg6 39. d6
$1 Re6 40. dxe7+ Nxe7 41. Ng5 $18 {[%cal Re3e7] Schwarz ist hilflos gegen den
vielseitigen Drohungen.Ribli.} Rxe3 42. Rxe3 Qf6 {Und Schwarz gab gleichzeitig
auf. Ribli.} (42... Qf6 43. Ne6+ Kg8 (43... fxe6 44. Rf3 $18) 44. Nc7 Kf8 45.
Nxe8 Kxe8 46. Qc8#) 1-0

[Event "Karditsa"]
[Site "Karditsa"]
[Date "1994.??.??"]
[Round "11"]
[White "Mozetic, Dejan"]
[Black "Pandavos, Panayotis"]
[Result "1-0"]
[WhiteElo "2585"]
[BlackElo "2380"]
[Annotator "Ribli,Z"]
[PlyCount "49"]
[EventDate "1994.03.??"]
[EventType "tourn"]
[EventRounds "11"]
[EventCountry "GRE"]
[EventCategory "10"]
[SourceTitle "CBM 043"]
[Source "ChessBase"]
[SourceDate "1994.12.01"]
[SourceVersion "1"]
[SourceVersionDate "1994.12.01"]
[SourceQuality "1"]

1. d4 d6 2. Nf3 Bg4 3. c4 c6 4. Nc3 Nd7 5. e4 (5. g3 $5) 5... g6 $6 (5... e5 6.
Be2 Be7 7. O-O Bxf3 8. Bxf3 Bg5 9. Bxg5 Qxg5 10. d5 $14 {Piket,J-Speelman,J/
Roquebrune 30`/1992/CBM28/}) 6. Be2 Bg7 7. O-O Qc7 (7... e5 8. d5 $14) (7...
Ngf6 8. e5 $1 dxe5 9. dxe5 Bxf3 $2 10. exf6 Bxe2 11. fxg7 $18) 8. Be3 e6 (8...
e5 9. d5 $14) 9. Rc1 Ne7 10. d5 $1 $14 exd5 11. cxd5 c5 12. Nb5 $1 Qb8 13. Bf4
Nc8 (13... Ne5 $2 14. Bxe5 Bxe5 15. Nxe5 Bxe2 16. Qxe2 dxe5 17. d6 $18) 14. b4
$1 Bxf3 15. Bxf3 a6 (15... b6 16. bxc5 bxc5 17. Rb1 Ndb6 18. a4 $18) 16. Nxd6+
$1 Nxd6 17. bxc5 Ne5 18. cxd6 $18 Qxd6 19. Be3 Nd7 20. Be2 O-O 21. f4 Qa3 22.
Qd2 Nf6 23. e5 Rfe8 24. Bf3 Bh6 25. Rc3 1-0

[Event "Czerniak Memorial 13th"]
[Site "Tel Aviv"]
[Date "1997.??.??"]
[Round "10"]
[White "Manor, Ilan"]
[Black "Kantsler, Boris"]
[Result "0-1"]
[WhiteElo "2525"]
[BlackElo "2495"]
[Annotator "Ribli,Z"]
[PlyCount "77"]
[EventDate "1997.04.04"]
[EventType "tourn"]
[EventRounds "11"]
[EventCountry "ISR"]
[EventCategory "10"]
[SourceTitle "CBM 059"]
[Source "ChessBase"]
[SourceDate "1997.08.01"]
[SourceVersion "1"]
[SourceVersionDate "1997.08.01"]
[SourceQuality "1"]

1. d4 g6 2. c4 Bg7 3. Nc3 d6 4. e4 e5 {Wenn Schwarz die nach 4...Nf6 mögliche 
Königsindische Verteidigung vermeiden möchte, ist dies meines Erachtens die
beste Alternative.Ribli.} 5. Nge2 exd4 6. Nxd4 Nc6 7. Be3 {[%csl Yd4]} Nge7 {
[%cal Ye7c6,Yc6d4,Ye7f5,Yf5d4]} 8. Be2 (8. h4 $5) (8. Nxc6 $5) 8... O-O 9. O-O
(9. Qd2 f5 10. exf5 Bxd4 11. Bxd4 Nxf5 12. Be3 Nxe3 13. Qxe3 Qf6 14. Rd1 Bg4
15. f3 Rae8 16. Qf2 Bf5 {0,5/Barbero,G-Mohr,S/Debrecen/1989/ (25)}) 9... f5 10.
Qd2 (10. exf5 Bxd4 11. Bxd4 Nxf5 12. Be3 Nxe3 13. fxe3 Rxf1+ 14. Qxf1 Be6 15.
Qf4 Qe7 16. Rf1 Kg7 17. Nb5 (17. h4 Re8 18. Rf2 Bg8 19. Ne4 Rf8 {1/2-1/2
Pacheco Asmat,J-Sokolov,I/Erevan olm 1996 (48)}) 17... Re8 18. Nxa7 Nxa7 19.
Qd4+ Kg8 20. Qxa7 b6 21. e4 Qg7 22. Qa4 Bd7 23. Qb3 Rxe4 {1/2-1/2 Mamahdshoev,
M-Schlosser,M/Erevan olm 1996 (34)}) (10. Nxc6 bxc6 11. c5 fxe4 12. cxd6 cxd6
13. Nxe4 Nf5 14. Bg5 Qa5 15. Rc1 {1/2-1/2 Zvjaginsev,V-Sakaev,K/JUG-chT Tivat
1995}) 10... fxe4 (10... Bxd4 11. Bxd4 f4 12. c5 Be6 13. cxd6 Nxd4 14. Qxd4 Nc6
15. Qd2 cxd6 16. Rfd1 {Stohl,I-Kindermann,S/Stary Smokovec 1987/1-0 (60)}) (
10... Bd7 11. Rad1 Nxd4 12. Bxd4 Bxd4 13. Qxd4 Bc6 14. e5 {1-0 Wegner,
H-Engelbert,C/Hamburg-ch 1988 (34)}) (10... Qd7 11. Rad1 Nxd4 12. Bxd4 Nc6 13.
Bxg7 Qxg7 14. c5 dxc5 15. Qd5+ Kh8 16. Qxc5 Be6 17. Bb5 Qe5 18. Qxe5+ Nxe5 19.
exf5 Rxf5 20. Rfe1 Bg8 21. Re4 Nf7 22. Re7 {1/2-1/2 Pastor,K-Cech,T/
Frydek-Mistek op 1994}) (10... f4 $2 11. Nxc6 fxe3 12. Nxe7+ (12. Nxd8 $4 exd2
$19) 12... Qxe7 13. Qxe3 $16) 11. Nxe4 Nf5 (11... Bf5 12. Ng3 Qd7 13. Ngxf5
Nxf5 14. Nxf5 Qxf5 15. Rac1 Kh8 16. b3 Rae8 17. Bf3 {Leitao,R-Leskovar,M/Mar
del Plata op 1996/1/2-1/2 (55)}) 12. Nxf5 Bxf5 13. Nc3 (13. Ng3 Be6 14. Rad1
Qe7 (14... Ne5 15. b3 a5 16. Bg5 Qc8 17. Bh6 Bxh6 18. Qxh6 Nf7 19. Qe3 {
Alexandria,N-Hoiberg,N/Malaysia iztW 1990/1-0 (50)}) 15. Bh6 Rae8 16. Bxg7 Qxg7
17. f4 Rd8 18. Ne4 Kh8 19. Nc3 Rde8 20. b3 Ne7 {Foisor,O-Wolff,P/New York op
1988/1-0 (66)}) 13... Qf6 {Wir haben jetzt die gleiche Stellung, wie nach der
Zugfolge 9.Qd2 f5 10.Nxc6 Nxc6 11.0-0 Qf6 12.exf5 Bxf5, in unserer Partie
jedoch mit ein paar Mehrtempi.Ribli.} 14. Rad1 (14. Rfd1 Kh8 15. Rac1 Rae8 $10
{Vukic,M-Matulovic,M/Novi Sad/1976/}) 14... Kh8 (14... Rac8 15. Rfe1 Kh8 16.
Bf3 Ne5 17. Bxb7 Nxc4 18. Bd4 Qxd4 19. Qxd4 Bxd4 20. Rxd4 Rce8 21. Rxe8 Rxe8 {
Shipov,S-Matulovic,M/Belgrade IKO (12)/1992/0.5 (24)}) 15. Nd5 (15. f4 Rae8 16.
Bf3 Na5 $1 {[%csl Rc4]} 17. Nd5 Nxc4 18. Qc1 (18. Nxf6 Nxd2) 18... Qxb2 19.
Qxc4 c6 $15 {[%csl Rd5,Re3][%cal Gf5b1,Gg7b2]}) 15... Qf7 16. b3 (16. f4 Rae8
17. Rfe1 (17. b4 b6 18. a3 Nd8 19. Nc3 c5 {[%csl Yd4][%cal Yd8e6,Ye6d4]
Gelfand,B-Rogers,I/Biel 1993.}) 17... Be4 18. Nc3 Bc2 19. Qxc2 Rxe3 {0-1 Genov,
P-Radulov,I/Elenite op 1986 (49)}) (16. Bh6 Rae8 17. Bxg7+ Qxg7 18. f4 Re4 {
[%csl Yd4]}) (16. b4 b6 $1 (16... Rae8 17. c5 $36)) 16... a6 (16... Rae8 $142)
17. Rfe1 Be4 (17... Rae8) 18. Nc3 Bf5 {Das ist eigentlich ein Remisangebot.
Ribli.} 19. c5 $36 Rfd8 $8 $13 {[%csl Yd4,Yd5,Ye4,Ye5][%cal Gg7a1,Gf5b1,Ge2c4,
Ge3d4,Gc3d5,Gc6d4] Es ist wichtig, diesen Turm nach d8 zu stellen, da das Feld
f8 für die Dame reserviert bleiben muß.Ribli.} 20. Bg5 {Wir wohnen einem
zweischneidigen taktischen Kampf bei. Die offenen Diagonalen und Linien
sprechen für einen scharfen Partieverlauf.Ribli.} Rd7 21. Bc4 Qf8 22. cxd6 Rxd6
23. Bd5 $6 (23. Qc1 $11) (23. Nd5 $5 $13) 23... h6 24. Bf4 Rd7 25. Qc1 (25. Qe3
Nb4 {[%cal Rb4d5,Rb4c2]} 26. Bxb7 Nc2 $17) 25... Nb4 $15 {[%csl Rc2,Rd3][%cal
Yg7c3,Yf5c2] Die Stellung ist sehr scharf, aber ich habe das Gefühl, daß
Schwarz die wichtigsten Punkte auf dem Brett unter seiner Kontrolle hat.Ribli.}
26. Bc4 $8 (26. Bxb7 Nd3 27. Rxd3 Rxd3 28. Bxa8 Rxc3 $17) 26... Rxd1 27. Nxd1 (
27. Rxd1 $2 Bc2) 27... Nc2 28. Be5 Kh7 (28... Nxe1 $4 29. Qxh6#) 29. Bxg7 (29.
Re2 b5 (29... Re8 30. Bxg7) 30. Bd5 Rd8 $17 (30... Re8 31. Bxg7 Rxe2 $4 32.
Qxh6#)) 29... Qxg7 30. Re2 b5 31. Bd5 (31. Be6 $2 Nd4 {[%csl Gd4][%cal Rd4e2,
Re2c1,Re2g1,Rd4e6]}) 31... Rd8 32. Be4 (32. Bf3 Nd4 33. Re3 (33. Rd2) 33...
Nxf3+ 34. gxf3 (34. Rxf3 Bg4 $17)) {[#]} 32... Qa1 $3 {Ein unerwarteter aber
schöner und starker Zug führt zu forciertem Gewinn.Ribli.} 33. Qxa1 Nxa1 {
Die erste Reihe ist besonders schwach in der weißen Stellung, auch seine
Figurenkoordination ist mangelhaft.Ribli.} 34. Re1 (34. Nc3 b4 35. Bxf5 bxc3
$17 {[%csl Gc3][%cal Rc3c1,Rd8d1]}) 34... Bxe4 35. Nc3 Nc2 36. Rc1 (36. Rxe4
Rd3 37. Re7+ Kg8 38. Rxc7 b4 $19) 36... Bf5 37. g4 Bd3 $19 {Weiß hat nichts
für die Figur.} 38. Rd1 Rd6 39. Rd2 {Und Weiß gab in dieser verlorenen
Stellung auf.Ribli.} 0-1

[Event "DEN-ch"]
[Site "Esbjerg"]
[Date "1997.03.30"]
[Round "9"]
[White "Nielsen, Peter Heine"]
[Black "Danielsen, Henrik"]
[Result "1-0"]
[WhiteElo "2525"]
[BlackElo "2490"]
[Annotator "Ribli,Z"]
[PlyCount "71"]
[EventDate "1997.03.22"]
[EventType "tourn"]
[EventRounds "9"]
[EventCountry "DEN"]
[EventCategory "10"]
[SourceTitle "CBM 060"]
[Source "ChessBase"]
[SourceDate "1997.09.29"]
[SourceVersion "1"]
[SourceVersionDate "1997.09.29"]
[SourceQuality "1"]

1. e4 {Bangiev} g6 2. d4 Bg7 3. c4 d6 4. Nc3 Nc6 5. d5 $5 (5. Be3 e5 6. d5 Nce7
7. g4 f5 8. gxf5 gxf5 9. Qh5+ Ng6 10. exf5 Qh4 {Das ist eine andere
theoretische Hauptvariante, aber nach meiner Meinung bietet der Partiezug
bessere Aussichten für Weiss.}) 5... Nd4 6. Be3 (6. Nge2 c5 7. Nxd4 $5 cxd4 8.
Nb5 Qb6 9. c5 $5 $36) 6... c5 7. Nge2 Qb6 8. Na4 (8. Qd2 $5 Nf6 9. f3 Nd7 10.
Rd1 O-O 11. b3 $1 Nxe2 12. Bxe2 Qa5 13. Rc1 a6 14. Bh6 Bxh6 15. Qxh6 b5 16. h4
$36 {Hernandez,Ruiz-Calderin Colon 1991 53/(65)}) 8... Qa5+ 9. Bd2 Qd8 (9...
Qc7 10. Nxd4 cxd4 11. Bd3 (11. c5 Nf6 12. Bb5+ Bd7 13. Bxd7+ Nxd7 14. cxd6 Qxd6
15. Qb3 Qa6 16. Rc1 O-O 17. Nc5 Nxc5 18. Rxc5 f5 19. e5 {1-0 Psakhis,L-Manor,I/
Tel Aviv Cup rapid 1996 (25)}) 11... Nf6 12. O-O O-O 13. b4 Ng4 14. Rc1 Ne5 15.
Nb2 f5 16. exf5 Bxf5 17. Bxf5 Rxf5 18. f4 Nd7 19. Qe2 {Louis,V-Schnaebele,U/
BL2-SW 1988/1-0 (58)}) 10. Bc3 (10. Nxd4 cxd4 (10... Bxd4 11. Bc3 Bxc3+ 12.
Nxc3 Nf6 13. Be2 O-O 14. O-O a6 15. f4 Qc7 16. Qd2 Bd7 17. Qe3 b5 18. e5 $14
Ne8 19. e6 fxe6 20. dxe6 {1/2-1/2 Petursson,M-Hoi,C/Nordic zt 1992 (34)}) 11.
Bd3 e5 12. c5 Nf6 13. b4 O-O 14. O-O $2 Nh5 15. Nb2 f5 16. exf5 Bxf5 17. Bxf5
Rxf5 18. c6 e4 19. Rc1 bxc6 20. dxc6 {0-1 Vulfson,V-Losev,D/Moscow op 1989 (33)
}) 10... Bg4 {Eine agressive Fortsetzung. Ich glaube, daß Schwarz zuerst seine
Stellung konsolidieren sollte,bevor er daran denkt anzugreifen. Das
Hauptprobleme für Schwarz ist: Wenn er seine scheinbar aktive Springerstellung
aufgeben muß, dann hat er eine passive Stellung.} (10... e5 11. dxe6 Nxe6 12.
Bxg7 Nxg7 13. Nf4 (13. Qd2 $1 Nf6 14. f3 (14. Nac3 O-O 15. Rd1 Be6 16. b3 Qa5
17. g3 a6 18. Bg2 b5 19. O-O bxc4 20. e5 dxe5 21. Bxa8 Rxa8 22. Ne4 Qb6 23.
Nxf6+ Kh8 24. Qh6 {1-0 Soln,P-Marques,V/WchJM-U18 Guarapuava 1995}) 14... Be6
15. Nf4 Qe7 16. O-O-O Rd8 17. Nc3 O-O 18. g4 $1 Nd7 19. h4 Nb6 20. b3 f6 21.
Nfd5 $1 {Gelfand,B-Azmaiparashvili,Z/Dortmund-A 1990/1-0 (58)}) (13. Nac3 Nf6
14. g3 a6 (14... O-O 15. Bg2 h5 16. O-O h4 17. Qd2 Ng4 {1/2-1/2 Belov,
V-Krasnov,S/RUS-Cup2 Moscow 1996 (36)} (17... Ng4 {Bangiev} 18. b3 hxg3 19.
fxg3 a6 20. Rad1 $16 {1/2-1/2 Belov,V-Krasnov,S/RUS-Cup2 1996 (36)})) 15. Qd3
O-O 16. Bg2 Be6 17. O-O Qd7 18. Rfd1 Rad8 19. a4 Qc7 20. a5 Kh8 21. h3 {
Zagorskis,D-Tibensky,R/Sala op 1993/1-0 (50)}) (13. g3 Nf6 14. Bg2 O-O 15. O-O
Bd7 16. Nac3 Bc6 17. Qd3 Re8 18. Rad1 $14 {Burkart,P-Fritsche,L/BL2-SW 1989/
1-0 (53)}) 13... Nf6 14. Bd3 O-O 15. O-O Re8 16. Nc3 a6 17. Re1 Bd7 18. Qd2 Bc6
19. f3 Ne6 20. Nxe6 Rxe6 21. Bf1 {1-0 Koenig,D-Peterwagner,H/AUT-chT9495 1995 
(47)}) 11. f3 (11. Qd2 Bxe2 12. Bxe2 Nh6 $11 {[%csl Gd4]}) (11. Qd3 Bxe2 12.
Bxe2 Nh6 $11 {[%csl Gd4]}) 11... Bxf3 {Jetzt ist dieses Opfer erzwungen.} (
11... Bd7 12. Nxd4 cxd4 13. Bxd4 Bxd4 (13... Bxa4 14. Qxa4+ Kf8 15. Bxg7+ $16)
14. Qxd4 $16) 12. gxf3 Nxf3+ 13. Kf2 Ne5 {Schwarz hat zwei Bauern für die
Figur, und Weiß kann nicht mehr rochieren, aber Schwarz ist schlecht
entwickelt, und Weiß kann die Drohungen leicht abwehren. Bangiev: Schwarz
opferte eine Figur, nur von der Gewißheit beseelt, daß ihm die ungesicherte
Stellung des weißen Königs in der Folge eine andauernde Initiative sichern
wird.  /\ 14...e6 gefolgt Qh4+} 14. Bh3 {[%csl Gh3][%cal Gh3c8]} (14. h3) (14.
Rg1 $5) 14... h5 (14... Nf6 15. Bxe5 dxe5 {[%csl Gg7]} 16. Nac3 $16 (16. Nxc5
$2 Qb6 17. Qa4+ Kf8 18. b4 Nxe4+ $13)) (14... e6 {Bangiev /\Qh4 bzw.Qf6} 15.
Ng3 Qh4 16. Kg2 $1 $16) 15. Ng1 {[%cal Gg1f3,Gf3e5] Weiß findet eine
interessante Lösung. Der Springer war nicht so gut auf e2 plaziert. Jetzt will
er die beste schwarze Figur, den Springer auf e5, tauschen. Bangiev: Dies soll
den gut postierten Springer auf e5 mittels Ng1-f3 tauschen.} (15. Rg1 Nh6 {
[%csl Rg4][%cal Gh6g4]}) 15... g5 $6 {Mit diesem scheinbar aktivem Zug
schwächt Schwarz seinen Königsflügel.} (15... Nh6 16. Bxe5 Bxe5 17. Nf3 Bg7 18.
Rg1 $16 (18. Kg2 $16 {Bangiev})) (15... e6 {Bangiev} 16. Nf3 $16) 16. Nf3 $16
g4 17. Nxe5 dxe5 (17... gxh3 18. Nc6 (18. Nf3 $16 {[%csl Rh3,Rh5]}) 18... bxc6
19. Bxg7 Rh7 20. Rg1 $16) 18. Nxc5 {Bangiev: Der schwarze Angriff ist
abgewährt und Weiß geht zu den Aktivitäten über.} (18. Bg2 {Bangiev} Qd6) 18...
Nf6 (18... gxh3 19. Qa4+ Kf8 20. Nd7+ Ke8 21. Nxe5+ (21. Nb6+ $18) 21... Kf8
22. Nd7+ Ke8 23. Bxg7 $18) (18... Qb6 19. Qa4+ Kf8 (19... Kd8 20. Qd7#) 20. Bd4
$1 $16 Qf6+ (20... exd4 21. Nd7+) (20... gxh3 21. Nd7+) 21. Kg1 gxh3 22. Nd7+)
19. Qa4+ Kf8 20. Bg2 {Jetzt hat Schwarzt nur noch einen Bauern für die
geopferte - oder verlorene? - Figur, und es ist fraglich, wer eigentlich
Angriff hat: Weiß oder Schwarz?} h4 21. h3 Rh6 (21... g3+ 22. Kg1 (22. Ke2 Nh5
(22... Rc8 {Bangiev} 23. Nd3 $18) 23. Nd3)) 22. Nd3 Rc8 23. c5 e6 24. d6 {
Weiß hat nicht nur Materialsvorteil, sondern auch eine gefährliche Initiative.}
b6 25. Qxa7 Nd7 (25... bxc5 26. Qe7+ {Nach dem Damentausch hat Schwarz
überhaupt keine Chancen mehr.} Qxe7 27. dxe7+ Kxe7 28. Nxe5 $18) 26. cxb6 Kg8
27. b7 Rc4 28. hxg4 $18 {Schwarz hat eine praktisch verlorene Stellung, und
nur die Zeitnot des Gegners bietet einige Gegenchancen, aber nicht sehr viele.}
Qg5 29. Qe3 Qd8 30. g5 Rh5 31. Bf3 Rxg5 32. Rxh4 {[%csl Rg8][%cal Ga1h1,Gh1h8]}
f5 33. Rah1 Rxc3 {Schwarz opfert zu viel in dieser Partie.} (33... fxe4 34.
Bxe4 Qf6+ 35. Ke2 $18) 34. bxc3 f4 35. Qa7 Kf7 36. b8=Q {Und endlich gab
Schwarz in völlig verlorener Stellung auf.} (36. b8=Q Qxb8 37. Qxd7+ Kg6 (37...
Kg8 38. Qxe6+ Kf8 39. Rh8+ Bxh8 40. Rxh8+ $18) 38. Bh5+ $18) 1-0